| 000 | 00966nam a2200229Ia 4500 | ||
|---|---|---|---|
| 003 | OSt | ||
| 005 | 20201111125557.0 | ||
| 008 | 191128m19741975ck gr 000 0 spa d | ||
| 040 |
_aCO-JMCR _cCO-JMCR |
||
| 041 | 0 | _aspa | |
| 082 | 0 | 4 |
_a320.9861 / _bL925d _223 |
| 110 | 1 |
_aColombia. _bPresidente (1974-1978 : López Michelsen) _912321 |
|
| 245 | 1 | 0 |
_a[Documentos : _bdiscursos] / _cAlfonso López Michelsen |
| 260 |
_aBogotá : _bPresidencia de la República, _c1974 |
||
| 300 |
_a2 volúmenes ; _c23 cm. |
||
| 490 | 0 |
_aDocumentos ; _v1-12 _v13-21 |
|
| 505 | 0 | _aMandato claro para un gobierno de centro-izquierda -- Nuevo acento en las relaciones internacionales -- Solución para los problemas del Llano -- Tradición de legalismo y civilidad de las Fuerzas Armadas | |
| 600 | 1 | 4 |
_aLópez Michelsen, Alfonso, _912322 |
| 651 | 1 |
_aColombia _xpolítica económica _y1974-1978 _912323 |
|
| 651 | 1 |
_aColombia _xpolítica y gobierno _y1974-1978 _912324 |
|
| 942 |
_2ddc _cBK |
||
| 999 |
_c4667 _d4667 |
||